000 00791cam a22002651 4500
001 29968
003 BD-RjUL
005 20211209051505.0
008 140408s1958 nyu b 000 0 eng
035 _a(BD-RjUL)30053
035 _a(OCoLC)355050
040 _aDLC
_cODaWU
_dOCoLC
_dDLC
_beng
041 _aeng
082 0 0 _a824.63
_bJOR 1958
100 1 _aJohnson, Samuel,
_d1709-1784.
_991190
245 1 0 _aRasselas :
_bpoems, and selected prose /
_cEdited with an introd. and notes by Bertrand H. Bronson.
260 _aNew York :
_bRinehart,
_cc1958.
300 _axxii, 612 p. ;
_c19 cm.
490 0 _aRinehart editions,
_v57
504 _a"Bibliographical notes": p. xix-xxii.
650 0 _aBiography.
_991191
942 _2ddc
_cBK
999 _c29968
_d29968